01004cam a22002774a 4500999001500000001000600015003000900021005001700030008004100047020001800088035002300106040002800129082001600157100002500173245008800198250001300286260004700299300004800346500002000394650002900414700002200443700002100465942001200486952011400498952011400612 c5899d589919754BD-DhUAP20201222123612.0201222r20142013ii a b 001 0 eng  a9789332500334 a(OCoLC)ocm62889173 aDLCcDLCdBD-DhUAPbeng00a658 ROB223 aRobbins, Stephen P. 10aOrganizational behavior /cStephen P. Robbins, Timothy A. Judge and Neharika Vohra. a15th ed. aDelhi :bPearson,cc2013 [Reprinted 2014]. axxxvi, 672 pages :billustrations ;c26 cm. aIncludes index. 0aOrganizational behavior. aJudge, Timothy A. aVohra, Neharika. 2ddccBK 00102ddc4070aUAPCLbUAPCLcGeneral Stacksd2020-12-22o658 ROBp3010019754r2020-12-22t1w2020-12-22yBK 00102ddc4070aDBASLbDBASLcGeneral Stacksd2021-01-07o658 ROBp3010019755r2021-01-07t2w2021-01-07yBK